Social system (Record no. 354578)

000 -LEADER
fixed length control field 00292cam a22001217a 4500
008 - FIXED-LENGTH DATA ELEMENTS--GENERAL INFORMATION
fixed length control field 180718b1988 xxu||||| |||| 00| 0 eng d
082 ## - DEWEY DECIMAL CLASSIFICATION NUMBER
Classification number B1 Sh23
100 ## - MAIN ENTRY--PERSONAL NAME
Personal name Sharma, S.S.
245 ## - TITLE STATEMENT
Title Social system
Statement of responsibility, etc. by S.S. Sharma
260 ## - PUBLICATION, DISTRIBUTION, ETC.
Place of publication, distribution, etc. Meerut
Name of publisher, distributor, etc. Sarup
Date of publication, distribution, etc. 1988
300 ## - PHYSICAL DESCRIPTION
Extent 124p.
650 ## - SUBJECT ADDED ENTRY--TOPICAL TERM
Topical term or geographic name entry element Sociology
Holdings
Withdrawn status Lost status Damaged status Not for loan Permanent Location Current Location Date acquired Full call number Barcode Date last seen Price effective from Koha item type
        Indian Institute of Public Administration Indian Institute of Public Administration 1993-12-13 B1 Sh23 64030 2018-07-21 2018-07-21 Book

Powered by Koha